| 000 | 00568nam a2200181Ia 4500 | ||
|---|---|---|---|
| 003 | GCL | ||
| 008 | 140319s9999 xx 000 0 ara d | ||
| 040 |
_aGCL / _cGCL |
||
| 082 | 0 | 4 |
_a250 _bع ت |
| 100 | 1 | _aعبدالبديع صقر | |
| 245 | 1 | 0 |
_aالتربية الاساسية للفرد المسلم / _cعبدالبديع صقر |
| 260 |
_aالقاهرة : _bدار الاعتصام ، _c1993 |
||
| 300 |
_a197 ص ؛ _c24 سم |
||
| 490 | _a | ||
| 650 | 0 | 4 | _aالاسرة فى الاسلام |
| 650 | 0 | 4 | _aالتربية الاسلامية |
| 942 |
_2ddc _cBK |
||
| 999 |
_c35372 _d35372 |
||